000 00425nam a2200157Ia 4500
008 230917s9999||||xx |||||||||||||| ||und||
020 _cRS21
040 _e14775
_aMAIN
041 _aEnglish
082 _a301.240954 Y75M
100 _aSingh, Yogendra
245 0 _aModernization of Indian tradition: A systemic study of social change
260 _aFaridabad
_bThomson press
_c1973
300 _axi, 267 p.
942 _cBK
999 _c137876
_d137876